Türkiye'yi ve dünyayı yeniden düşünmek (Record no. 1069)

MARC details
000 -BAŞLIK
Sabit Uzunlukta Kontrol Alanı 00919na a2200289 4500
001 - KONTROL NUMARASI
Denetim Alanı 23105
003 - KONTROL NUMARASI IDENTIFIER
Denetim Alanı MIRAKIL
005 - SON İŞLEM TARİHİ VE ZAMANI
Denetim Alanı 20181213154811.0
008 - SABİT-BOY VERİ ELEMANLARI - GENEL BİLGİLER
Sabit Uzunlukta Kontrol Alanı 170711b tu 000 0
020 ## - ULUSLARARASI STANDART KİTAP NUMARASI
Uluslararası Standart Kitap Numarası 9786059962087
035 ## - SİSTEM KONTROL NUMARASI
Sistem Kontrol Numarası 14071
040 ## - KATALOGLAMA KAYNAK
Orijinal Kataloglama Ajansı Milas
Kataloglama Dili tur
Metne Dönüştürmek Ajansı TR-AnCHP
041 ## - DİL KODU
Metin / Ses Parça Veya Ayrı Başlığın Dil Kodu tur
082 ## - DEWEY ONLU SINIFLANDIRMA NUMARASI
Sınıflandırma Numarası 923.1 Gül,A.
Ürün Numarası G94t 2014
090 ## - SINIFLAMA NUMARASI
Sınıflama Numarası 923.1 Gül,A. G94t 2014
100 ## - ANA GİRİŞ - KİŞİSEL İSİM
Kişisel Ad Gül, Abdullah
245 ## - BAŞLIK TABLOSU
Başlık Türkiye'yi ve dünyayı yeniden düşünmek
Başlığın Kalan Vizyon konuşmaları
Sorumluluk Tablosu, Vb Abdullah Gül
246 ## - UNVAN FORM VARYING
Başlık Doğru / Kısa Başlığı Vizyon konuşmaları
260 ## - YAYIN, DAĞITIM, VB
Yayın, Dağıtım, Vb Yeri İstanbul
Yayıncı, Dağıtıcı, Vs Adı Cumhurbaşkanlığı Yayınları
Yayın, Dağıtım, Vb Tarihi 2014
300 ## - FİZİKSEL TANIM
Kapsam 327 s.
Boyutlar 24 sm.
600 ## - KONU KATMA GİRİŞ - KURUMSAL ADI
Kişisel Ad Gül, Abdullah
Genel Alt Bölümü Söylev ve demeçler
Kronolojik Alt Bölümü 2007- 2013
650 ## - KONU KATMA GİRİŞ - TOPİKAL DÖNEM
Topikal Süreli Veya Coğrafi Ad Giriş Elemanı Cumhurbaşkanları
Genel Alt Bölümü Söylevler ve demeçler
Coğrafi Alt Bölümü Türkiye
650 ## - KONU KATMA GİRİŞ - TOPİKAL DÖNEM
Topikal Süreli Veya Coğrafi Ad Giriş Elemanı Siyaset ve yönetim
Kronolojik Alt Bölümü 2000-
Coğrafi Alt Bölümü Türkiye
650 ## - KONU KATMA GİRİŞ - TOPİKAL DÖNEM
Topikal Süreli Veya Coğrafi Ad Giriş Elemanı Dış ilişkiler
Kronolojik Alt Bölümü 2000-
Coğrafi Alt Bölümü Türkiye
650 ## - KONU KATMA GİRİŞ - TOPİKAL DÖNEM
Topikal Süreli Veya Coğrafi Ad Giriş Elemanı Siyasetçiler
942 ## - EKLENDİ GİRİŞ ELEMANLARI (KOHA)
Sınıflandırma Veya Raf Düzeni Kaynak
Koha Öğesi Türü Books
999 ## - SİSTEM KONTROL NUMARALARI (KOHA)
Koha Biblionumber 1069
Koha Biblioitemnumber 1069
Holdings
Kalıcı Konum Mevcut Konum Edinme Tarihi Edinim Kaynak Toplam Check-Out'Lar Tam Çağrı Numarası Barkod Tarih Son Görülme İtibaren Geçerli Fiyatlar Koha Öğesi Türü
CHP Kütüphanesi CHP Kütüphanesi 07/11/2017 Bağış   923.1 Gül,A. G94t 2014 017078 07/11/2017 07/11/2017 Books